Music Quiz

Random Music or Bands Quiz

Bands Half Off! Quiz Stats

 Plays Quiz Updated Jun 14, 2016

Also try: Song Title Blitz
Challenge
Share
Tweet
Embed
Score 0/30 Timer 04:00
0 Plays Today
Half Off Band % Correct
Cold___Coldplay
94.2%
___am!Wham!
92%
Bos___Boston
89.9%
___BAABBA
89.7%
__yxStyx
89.7%
___XSINXS
88.8%
Poi___Poison
88.2%
___trampSupertramp
87.8%
Kan___Kansas
87.3%
___dethMegadeth
86.5%
Euryt___Eurythmics
84.8%
___2U2
84.6%
Naza___Nazareth
77.9%
UB___UB40
77.5%
___llazGorillaz
76.7%
Half Off Band % Correct
Wee___Weezer
76.5%
Pix___Pixies
76%
Pave___Pavement
73.6%
Telev___Television
73.3%
___voDevo
69.6%
Ki___Kiss
66.6%
___rpolInterpol
60.8%
Gods___Godsmack
52.9%
Ko___Korn
50%
___rboyLoverboy
48.8%
___urBlur
46.3%
MG___MGMT
46.2%
Ran___Rancid
45.6%
Deft___Deftones
43.2%
Porti___Portishead
40.4%

You're not logged in!

Compare scores with friends on all Sporcle quizzes.
OR
Log In

You Might Also Like...

Show Comments

Extras

Top Quizzes Today


Score Distribution

Your Account Isn't Verified!

In order to create a playlist on Sporcle, you need to verify the email address you used during registration. Go to your Sporcle Settings to finish the process.

Report this User

Report this user for behavior that violates our Community Guidelines.

Details: